000 01268cam a2200241 4500
001 X123479
008 030903n2003 000 0 eng u
035 _a(Sirsi) u123479
100 _aMorgan, A.
245 _aOffice moves: how to pick the right property
260 _c2003
490 _aFacilities Management
_v(10) July 2003, 12-13(2)
520 _aDiscusses the options an organisation has when it is thinking of changing premises. Notes that the property market offers a considerable choice at the moment but explains it is easy for the facilities manager to make the wrong decision and it is perhaps a mistake to be seen to be looking around. Recommends that managers exercise their strategic options including the key property attributes of the potential new site which are location, layout and leasing. Also advises that any organisation seeking relocation should issue a formal Request for Proposal which would include the tenant details, specification and rent and incentive package.
590 _aABS
650 _aRELOCATION
650 _aPROPERTY MARKET
650 _aLEASING ARRANGEMENTS
650 _aBUSINESS LOCATIONS
650 _aDESIGN CRITERIA
650 _aCOMMERICAL LEASES
650 _aProperty management
_96262
942 _n0
999 _c73338
_d73338